Straßenblockade als Gewalt in mittelbarer Täterschaft - BGH, NJW 1995, 2643

Saved in:  
Bibliographic Details
Main Author: Hoyer, Andreas 1958- (Author)
Format: Print Article
Language:German
Published: 1996
In: Juristische Schulung
Year: 1996, Volume: 36, Issue: 3, Pages: 200 - 204
Check availability: HBZ Gateway
Keywords:

MARC

LEADER 00000caa a2200000 c 4500
001 1622804392
003 DE-627
005 20220606124450.0
007 tu
008 080529s1996 xx ||||| 00| ||ger c
035 |a (DE-627)1622804392 
035 |a (DE-576)281102120 
035 |a (DE-599)BSZ281102120 
040 |a DE-627  |b ger  |c DE-627  |e rakwb 
041 |a ger 
100 1 |a Hoyer, Andreas  |d 1958-  |0 (DE-588)131876589  |0 (DE-627)515957097  |0 (DE-576)161499481  |4 aut 
109 |a Hoyer, Andreas 1958- 
245 1 0 |a Straßenblockade als Gewalt in mittelbarer Täterschaft - BGH, NJW 1995, 2643  |c Andreas Hoyer 
264 1 |c 1996 
336 |a Text  |b txt  |2 rdacontent 
337 |a ohne Hilfsmittel zu benutzen  |b n  |2 rdamedia 
338 |a Band  |b nc  |2 rdacarrier 
773 0 8 |i In  |t Juristische Schulung  |d München : Beck, 1961  |g 36(1996), 3, Seite 200 - 204  |w (DE-627)129393436  |w (DE-600)185187-1  |w (DE-576)014778254  |x 0022-6939  |7 nnas 
773 1 8 |g volume:36  |g year:1996  |g number:3  |g pages:200 - 204 
935 |a mkri 
951 |a AR 
ELC |b 1 
LOK |0 000 xxxxxcx a22 zn 4500 
LOK |0 001 3247551603 
LOK |0 003 DE-627 
LOK |0 004 1622804392 
LOK |0 005 20160223094826 
LOK |0 008 160208||||||||||||||||ger||||||| 
LOK |0 040   |a DE-21-110  |c DE-627  |d DE-21-110 
LOK |0 689   |a s  |a Gewaltbegriff 
LOK |0 689   |a s  |a Nötigung 
LOK |0 852   |z Kein Bestand am IfK; Nachweis für KrimDok 
LOK |0 852   |a DE-21-110 
LOK |0 852 1  |m v  |9 00 
LOK |0 935   |a k110 
LOK |0 938   |k v 
LOK |0 939   |a 08-02-16  |b l01 
ORI |a SA-MARC-krimdoka001.raw